000 00721nam a2200181Ia 4500
008 100921s9999 xx 000 0 und d
082 _b20248
_a920-2 थ 87
100 _aखरात शंकरराव.संपा.
245 _aबाबासाहेब आंबेडकर.
260 _bइंद्रायणी साहित्य,पुणे.
_c1987
300 _a384
_b---
365 _b70
520 _aचरित्र व इतर-डॉ.आंबेडकर.
630 _aबाबासाहेब आंबेडकर.
650 _aचरित्र व इतर-डॉ.आंबेडकर.
730 _aबाबासाहेब आंबेडकर.
942 _cBOOK
999 _c769361
_d769358